Tilastot visalle Valtiot Lähimpänä Suomea

Klikkaa tästä pelataksesi tätä visaa!

Yleistilastot

  • Tätä visaa on pelattu 650 kertaa
  • Keskiarvotulos 17 / 20

Vastaustilastot

kmvaltio% Oikein
0Norja
100%
0Ruotsi
100%
0Venäjä
100%
47Viro
100%
213Latvia
99%
378Liettua
99%
718Saksa
99%
603Puola
96%
575Tanska
96%
470Valko-Venäjä
95%
1071Alankomaat
85%
879Ukraina
85%
1044Tšekki
84%
1315Belgia
82%
1153Slovakia
82%
1256Unkari
81%
1262Itävalta
77%
1306Romania
66%
1106Yhdistynyt
kuningaskunta
64%
1291Moldova
51%

Tulosjakauma

Persentiili vastausten määrän mukaan

Jokaisen tuloksen saaneiden osuus

Tuloshistoriasi

Et ole pelannut tätä visaa